书目信息 |
| 题名: |
大地测量学
|
|
| 作者: | 佩利年 , Пеллинен 著 ;丘其宪 译 | |
| 分册: | ||
| 出版信息: | 北京 测绘出版社 1983 |
|
| 页数: | 323页 | |
| 开本: | 21cm | |
| 丛书名: | ||
| 单 册: | ||
| 中图分类: | P22 | |
| 科图分类: | ||
| 主题词: | 大地测量学 | |
| 电子资源: | ||
| ISBN: | ||
| 000 | 00892nam0 2200289 45 | |
| 001 | 0183006516 | |
| 005 | 20060809102247.04 | |
| 010 | @dCNY1.00 | |
| 091 | @a15039.252 | |
| 100 | @a19950808d1983 em y0chiy0121 ea | |
| 101 | 1 | @achi@crus |
| 102 | @aCN@b110000 | |
| 105 | @ay z 000yy | |
| 200 | 10 | @a大地测量学@Ada di ce liang xue@e理论大地测量学@f(苏)佩利年(Л.П.Пеллинен)著@g丘其宪等译 |
| 210 | @a北京@c测绘出版社@d1983 | |
| 215 | @a323页@d21cm | |
| 300 | @a书名原文:Высщая геодезия | |
| 510 | 1 | @aВысщая геодезия@zrus |
| 517 | 1 | @a理论大地测量学@Ali lun da di ce liang xue |
| 606 | @a大地测量学 | |
| 690 | @aP22@v3 | |
| 701 | 1 | @a佩利年@Apei li nian@bЛ.П.@4著 |
| 701 | A1 | @aПеллинен@bЛ.П.@4著 |
| 702 | 0 | @a丘其宪@Aqiu qi xian@4译 |
| 801 | 0 | @aCN@bTSSF@c20060809 |
| 801 | 2 | @aCN@bNLC@c20060808 |
| 905 | @a10447@dP22@e117 | |
| 大地测量学:理论大地测量学/(苏)佩利年(Л.П.Пеллинен)著/丘其宪等译.-北京:测绘出版社,1983 |
| 323页;21cm |
| 书名原文:Высщая геодезия |
| ISBN :CNY1.00 |
| ● |
| 相关链接 |
|
|
|
|
正题名:大地测量学
索取号:P22/117
 
预约/预借
| 序号 | 登录号 | 条形码 | 馆藏地/架位号 | 状态 | 备注 |
| 1 | 0451793 | 204517932 | 密集书库/ [索取号:P22/117] | 在馆 | |
| 2 | 0451870 | 204518708 | 密集书库/ [索取号:P22/117] | 在馆 | |
| 3 | 0451871 | 204518717 | 密集书库/ [索取号:P22/117] | 在馆 | |
| 4 | 0451872 | 204518726 | 密集书库/ [索取号:P22/117] | 在馆 | |
| 5 | 0451873 | 204518735 | 密集书库/ [索取号:P22/117] | 在馆 |